000 01122nam0a22003371 4500
001 2582162
005 20250622230929.0
021 _aRU
_b78-25534
035 _a(NLR Aleph) 006464835
090 _a5873917
_c5873917
100 _a20110316d1978 |||y0rusy50 ca
101 1 _arus
_aeng
_crus
_geng
102 _aRU
105 _aa z |||||
200 1 _aIntraocular pressure. Physiology and pathology
_fA. Nesterov, A. Bunin, L. Katsnelson
_gTransl. from the Russ. by A. Aksenov
210 _aMoscow
_cMir
_d1978
215 _a448 с.
_cил.
_d22
320 _aУказ.: Subject ind.: с. 443-448
320 _aБиблиогр. в конце глав
686 _aР670.9,0
_2rubbk
686 _aЕ992.4-73,0
_2rubbk
700 1 _aНестеров
_bА.П.
_gАркадий Павлович
701 1 _aКальнельсон
_bЛ.А.
_gЛев Абрамович
701 1 _aБунин
_bА.Я.
_gАрон Янкелевич
702 1 _aAksenov
_bA.
_4730
801 0 _aRU
_bNLR
_gpsbo
801 1 _aRU
_bELAR
_2rusmarc
852 _aNLR
_jDesideratum
899 _aRuMoRGB
_jИн 78-3/53
942 _cBOOK
980 _aNB